La enseñanza primaria en España / (Record no. 49484)

MARC details
000 -LEADER
campo de control de longitud fija 00723nam a2200217 i 4500
001 - NÚMERO DE CONTROL
campo de control 49484
003 - IDENTIFICADOR DE NÚMERO DE CONTROL
campo de control ES-MaACL
005 - FECHA Y HORA DE LA ÚLTIMA TRANSACCIÓN
campo de control 20231221195515.0
007 - CAMPO FIJO DE DESCRIPCIÓN FÍSICA--INFORMACIÓN GENERAL
campo de control de longitud fija t|
008 - DATOS DE LONGITUD FIJA--INFORMACIÓN GENERAL
campo de control de longitud fija 030716s1915 sp ||||1| spa d
100 1# - ENTRADA PRINCIPAL--NOMBRE DE PERSONA
Nombre de persona Cossío, Manuel B.,
Fechas asociadas al nombre 1857-1935
9 (RLIN) 41019
245 13 - MENCIÓN DEL TÍTULO
Título La enseñanza primaria en España /
Mención de responsabilidad, etc. por Manuel B. Cossío.
250 ## - MENCION DE EDICION
Mención de edición 2ª ed. renovada
Resto de la mención de edición por Lorenzo Luzuriaga.
260 ## - PUBLICACIÓN, DISTRIBUCIÓN, ETC.
Lugar de publicación, distribución, etc. Madrid :
Nombre del editor, distribuidor, etc. Museo Pedagógico Nacional,
Fecha de publicación, distribución, etc. 1915.
300 ## - DESCRIPCIÓN FÍSICA
Extensión 214 p., 9 cuadros ;
Dimensiones 23 cm.
650 #4 - PUNTO DE ACCESO ADICIONAL DE MATERIA--TÉRMINO DE MATERIA
Término de materia o nombre geográfico como elemento de entrada Enseñanza primaria-
Subdivisión geográfica España.
9 (RLIN) 12305
700 1# - ENTRADA AGREGADA--NOMBRE PERSONAL
Nombre de persona Luzuriaga, Lorenzo,
Fechas asociadas al nombre 1889-1959
9 (RLIN) 74917
710 2# - ENTRADA AGREGADA--NOMBRE DE ENTIDAD CORPORATIVA
Nombre de entidad corporativa o nombre de jurisdicción como elemento de entrada Museo Pedagógico Nacional (España)
9 (RLIN) 5912
852 ## - LOCALIZACIÓN
Ubicación ES-MaACL
Número de control de estantería T-1469-F-1
Holdings
Estatus retirado Estado de pérdida Estado de daño No para préstamo Colección Biblioteca de origen Biblioteca actual Ubicación en estantería Fecha de adquisición Fuente de adquisición Total de préstamos Signatura topográfica completa Código de barras Visto por última vez Precio de reemplazo Tipo de ítem Koha
        Colección de folletos Biblioteca del Ateneo de Madrid Biblioteca del Ateneo de Madrid Depósito folletos 17/01/2008     T-1469-F-1 1052066 23/02/2023 23/02/2023 Folleto